Đang tải...

Dynamics of business cycles

Chi tiết về thư mục
Tác giả chính: Tinbergen, Jan; Polak, J J
Định dạng: Printed Book
Được phát hành: Routledge & Kegan Paul Ltd., London 1950
Những chủ đề:
LEADER 00526nam a2200193 4500
020
082 |a 338.542 TIN-D 
100 |a Tinbergen, Jan; Polak, J J 
245 |a Dynamics of business cycles 
250
260 |a Routledge & Kegan Paul Ltd., London  |c 1950 
300
490
500
590
650 |a Business cycles-- Production management 
942 |c BK 
999 |c 103969  |d 103969 
952 |0 0  |1 0  |4 0  |6 338_542000000000000_TIND  |7 0  |9 117436  |a ECN  |b ECN  |l 0  |o 338.542 TIN-D  |p ECN01009  |r 2019-09-25  |w 2019-09-25  |y BK